000
00308nam a22001217a 4500
020
_a
9788176222228
082
_a
631.1
_b
YAD/AG
100
_a
Yadav, S.N
_9
334
245
_a
Agricultural engineering: Fundamentals and applications
260
_a
Delhi
_b
Biotech Books
_c
2011
300
_a
vii+260p.,
942
_c
BK
999
_c
13681
_d
13681